000 00722nam a2200205 i 4500
001 38836
003 ES-MaACL
005 20230912063104.0
007 t|
008 030226s1845 sp ||||1| spa d
080 _a328(460)"18"
100 1 _aCampoamor, Ramón de,
_d1817-1901
_934232
245 1 0 _aHistoria crítica de las Cortes reformadoras
_b: tomo 1 /
_cpor... (véase la firma al fin de la obra) [Ramón de Campoamor].
260 _aMadrid :
_b[s.n.],
_c1845 (
_fImprenta de Uzal y Aguirre)
300 _aVI, 237 p. ;
_c21 cm.
500 _aEn antep.: "Primera legislatura de 1844 a 1845"
650 0 4 _aParlamentos-
_zEspaña-
_yS.XIX.
_915841
852 _aES-MaACL
_jG-12529
999 _c38836
_d38836